Ägyptisches Museum Berlin : östlicher Stülerbau am Schloss Charlottenburg.
Corporate Author:
Format: Book
Language: German
Published:
[Berlin] :
Staatliche Museen Preussischer Kulturbesitz,
c1967.
Subjects:
Tags: Add Tag
Call Number: DT59 .B51 1967
| LEADER | 00766nam a22002417a 4500 | ||
|---|---|---|---|
| 001 | 281 | ||
| 003 | OSt | ||
| 005 | 20260510080040.0 | ||
| 008 | 130303s1967 gw af 000 0 ger d | ||
| 010 | |a 85856783 //r90 | ||
| 035 | |a rdb02593219 | ||
| 040 | |c ARCE Library | ||
| 043 | |a e-gw--- | ||
| 050 | 4 | |a DT59 .B51 1967 | |
| 110 | 2 | |a Ägyptisches Museum Berlin (Germany : West) | |
| 245 | 1 | 0 | |a Ägyptisches Museum Berlin : |b östlicher Stülerbau am Schloss Charlottenburg. |
| 264 | 1 | |a [Berlin] : |b Staatliche Museen Preussischer Kulturbesitz, |c c1967. |6 | |
| 300 | |a 142 pages, [144] pages of plates : |b illustrations ; |c 24 cm. | ||
| 590 | |a Signed by Ahmed Fakhry, Berlin 10-6-70. | ||
| 651 | 0 | |a Egypt |x Antiquities. | |
| 901 | |a reviewed | ||
| 942 | |c BK |2 lcc | ||
| 999 | |c 463 |d 463 | ||
